| 000 | 00703cam a2200241 a 4500 | ||
|---|---|---|---|
| 001 | 16910802 | ||
| 005 | 20130922111934.0 | ||
| 008 | 110809s2012 njua b 001 0 eng | ||
| 020 | _a0470631554 | ||
| 020 | _a9780470631553 | ||
| 082 | 0 | 0 |
_a621.3813 _223 _bPOZ |
| 100 | 1 |
_aPozar, David M. _933692 |
|
| 245 | 1 | 0 |
_aMicrowave engineering / _cDavid M. Pozar. |
| 250 | _a4th ed. | ||
| 260 |
_aHoboken, NJ : _bWiley, _cc2012. |
||
| 300 |
_axvii, 732 p. : _bill. ; _c26 cm. |
||
| 504 | _aIncludes bibliographical references and index. | ||
| 650 | 0 |
_aMicrowaves. _99220 |
|
| 650 | 0 |
_aMicrowave devices. _933693 |
|
| 650 | 0 |
_aMicrowave circuits. _933694 |
|
| 653 |
_bEle _cSeptember2013 |
||
| 942 |
_2ddc _cBB |
||
| 999 |
_c17538 _d17510 |
||